| 000 | 01759cam a22004697a 4500 | ||
|---|---|---|---|
| 001 | 000093660 | ||
| 003 | CHAP | ||
| 005 | 20220817044021.0 | ||
| 008 | 050419s2004 mx r 00010 spa d | ||
| 010 | _a90126 | ||
| 011 | _a91098 | ||
| 020 | _a9688849677 | ||
| 035 | _a101656 | ||
| 040 | _cCHAP | ||
| 082 | 0 | 4 |
_a634.775 _bE7 |
| 100 | 0 | 0 |
_aEsparza-Frausto, Gastón. _937780 |
| 245 | 1 | 3 |
_aEl nopal : _btópicos de actualidad / _c/ed. por Gastón Esparza-Frausto, Ricardo David Valdéz-Cepeda y Santiago de Jesús Méndez-Gallegos. |
| 260 |
_aChapingo, Méx. : _bUACH. Centro Regional Universitario Centro Norte, _c2004. |
||
| 300 |
_a303 p. ; : _bgráfs. |
||
| 590 |
_aBATCH-UPD _b10 _c20130110 _lUCH01 _h0310 |
||
| 590 |
_aBATCH-UPD _b10 _c20130110 _lUCH01 _h2003 |
||
| 590 |
_aBATCH-UPD _b10 _c20130409 _lUCH01 _h2341 |
||
| 590 |
_aBATCH-UPD _b10 _c20130410 _lUCH01 _h1453 |
||
| 590 |
_aBATCH-UPD _b10 _c20130914 _lUCH01 _h1828 |
||
| 590 |
_aCONVERSION _b10 _c20130109 _lUCH01 _h1350 |
||
| 590 |
_aE11695DGD _b10 _c20140212 _lUCH01 _h1402 |
||
| 650 | 0 | 4 |
_aNopal como forraje. _981712 |
| 650 | 0 | 4 |
_aNopal _xFisiología y morfología. _981671 |
| 650 | 0 | 4 |
_aNopal _xGenética. _981672 |
| 650 | 0 | 4 |
_aNopal _xMejoramiento. _981682 |
| 650 | 0 | 4 |
_aNopal _xPlagas. _981689 |
| 650 | 0 | 4 |
_aNopal _xProducción. _981692 |
| 700 | 0 | _aMéndez Gallegos, Santiago de Jesús. | |
| 700 | 0 |
_aValdez Cepeda, Ricardo David. _9117269 |
|
| 901 | _aBK | ||
| 905 | _aAlejandra Carrasco M. | ||
| 942 | _cLIBRO | ||
| 942 | _n0 | ||
| 949 |
_a634.775 E7 _bBC _cLIBRO _d33724000798872 _eLIBRO _h105317 _i101656 _si |
||
| 949 |
_a634.775 E7 _bBC _cLIBRO _d33724000976361 _eLIBRO _fc.3 _gI.c/e _h106355 _i101656 _si _t$145.00 |
||
| 949 |
_a634.775 E7 _bBC _cUACH _d33724000798864 _eUACH _fc.2 _h105318 _i101656 _sb |
||
| 999 |
_c90126 _d90126 |
||